Diary Of a Wimpy Kid Dog Days / (Record no. 37014)

MARC details
000 -LEADER
fixed length control field 00415nam a22001577a 4500
005 - DATE AND TIME OF LATEST TRANSACTION
control field 20250812100651.0
008 - FIXED-LENGTH DATA ELEMENTS--GENERAL INFORMATION
fixed length control field 250812b |||||||| |||| 00| 0 eng d
082 ## - DEWEY DECIMAL CLASSIFICATION NUMBER
Classification number 820.1
Item number KIN-D
100 ## - MAIN ENTRY--AUTHOR
Author Name Kinney, Jeff
245 ## - TITLE STATEMENT
Title Diary Of a Wimpy Kid Dog Days /
260 ## - PUBLICATION, DISTRIBUTION, ETC.
Place of Publication india:
Name of publisher, distributor, etc. pearson;
Date of publication, distribution, etc. 2001.
300 ## - PHYSICAL DESCRIPTION
Pages xiv, 233 p. :
500 ## - GENERAL NOTE
General note include index.
650 ## - SUBJECT ADDED ENTRY--TOPICAL TERM
Subject / Department English Litreature
300 ## - PHYSICAL DESCRIPTION
-- ill;
-- 23 cm.
952 ## - LOCATION AND ITEM INFORMATION (KOHA)
-- 0
-- 0
Holdings
Lost status Damaged status Collection code Permanent Location Current Location Shelving Location Date acquired Full Call Number Accession No./Barcode Date last seen item type Koha item type
    CS/IT Superior Information Resource Center (SIRC) Superior University- Gold Campus Superior Information Resource Center (SIRC) Superior University- Gold Campus English Litreature 08/12/2025 820.1 KIN-D 2001 30366 08/12/2025 BOOK BOOK

Powered by Koha